Premier League All Time Assist Ranking - Statistics

General Stats
  • This quiz has been taken 37 times
  • The average score is 10 of 15
Answer Stats
# Player Assist % Correct
1 Ryan Giggs 171
97%
3 Frank Lampard 118
93%
7 Steven Gerrard 97
93%
13 Thierry Henry 77
86%
2 Kevin De Bruyne 121
79%
9 Mohamed Salah 94
79%
5 Wayne Rooney 109
79%
6 David Silva 101
76%
14 Heung-min Son 77
72%
11 David Beckham 84
62%
8 Dennis Bergkamp 96
62%
4 Cesc Fàbregas 117
52%
10 James Milner 87
34%
15 Raheem Sterling 75
31%
12 Christian Eriksen 81
24%
No matching quizzes found
Score Distribution
Percent of People with Each Score
Percentile by Number Answered
Your Score History
You have not taken this quiz